| 000 | 00362nam a2200133Ia 4500 | ||
|---|---|---|---|
| 005 | 20260328104249.0 | ||
| 008 | 260328s9999||||xx |||||||||||||| ||und|| | ||
| 100 | _aPizza, Antonio | ||
| 245 | 0 |
_aOzenfant / Le Corbusier : _b Acerca del Purismo escritos 1918- 1926 / _cAntonio Pizza |
|
| 260 | _bEl Croquis | ||
| 300 | _a266 p. | ||
| 650 | _aHISTORIA | ||
| 942 | _cBK | ||
| 999 |
_c10175 _d10175 |
||